Ekonomika vzdelania

Saved in:
Bibliographic Details
Main Author: Kamiač, Andrej
Format: Book
Language:Slovak
Published: Bratislava Práca 1971
Series:Knižnica ekonomiky práce a priemyslu zv. 3/1971
Tags: Add Tag
No Tags, Be the first to tag this record!

MARC

LEADER 00000nam a2200000 4500
001 c104641
005 20050301104002.4
041 0 |a slo 
044 |a SK 
245 1 0 |a Ekonomika vzdelania  |c Andrej Kamiač 
264 1 |a Bratislava  |b Práca  |c 1971 
300 |a 220 s. 
490 1 |a Knižnica ekonomiky práce a priemyslu  |v zv. 3/1971 
830 0 |a Knižnica ekonomiky práce a priemyslu  |v zv. 3/1971 
100 1 |a Kamiač, Andrej